| 000 | 01075nam a2200253Ia 4500 | ||
|---|---|---|---|
| 999 |
_c36133 _d36133 |
||
| 001 | 2033 | ||
| 003 | GE_BSU | ||
| 005 | 20221007165540.0 | ||
| 008 | 181216s2007ru xx |||||||||||||| ||rus|| | ||
| 040 | _cGE_BSU | ||
| 041 | _arus | ||
| 080 | _a349.3(470)(075.8):368(470)(075.8) С-83 | ||
| 245 |
_aСтраховое право : _bУчебник. для студ.вузов.по спец."Юриспруденция" / _cПод.ред.В.В.Шахова, В.Н.Григорьева, А.П.Архипова. |
||
| 250 | _a2-е изд. доп. и перераб | ||
| 264 |
_aМосква : _bЮнити.Закон и право, _c2007. |
||
| 300 |
_a335 стр.: _b21см. |
||
| 653 | _aСтраховое право | ||
| 653 | _aდაზღვევის კანონი | ||
| 653 | _aსამართალი | ||
| 700 |
_aШахова, В.В _eრედაქტორი _915162 |
||
| 700 |
_aГригорьева, В.Н. _eრედაქტორი _915163 |
||
| 700 |
_aАрхипова, А.П. _eრედაქტორი _915164 |
||
| 942 |
_cBK _2udc |
||